"Tong xuan jiao shi" Tang Ruowang /
Saved in:
| Main Author: | |
|---|---|
| Other Authors: | , |
| Format: | Book |
| Language: | Chinese German |
| Published: |
Beijing :
Zhongguo ren min da xue chu ban she : Xin hua shu dian jing xiao,
1989
|
| Edition: | Di 1 ban. |
| Series: | Qing shi zhi shi cong shu.
|
| Subjects: | |
| Tags: |
Add Tag
No Tags, Be the first to tag this record!
|
| LEADER | 01761cam a2200445 a 4500 | ||
|---|---|---|---|
| 001 | 007588970-6 | ||
| 005 | 20024617110316.0 | ||
| 008 | 940125s1989 cc a f000 0bchi | ||
| 010 | |a 93167317 /ACN | ||
| 020 | |a 7300006205 : |c RMBY2.10 | ||
| 035 | 0 | |a ocm30364102 | |
| 040 | |a DLC |c DLC |d MH-HY |d CStRLIN | ||
| 041 | 1 | |a chi |h ger | |
| 043 | |a a-cc--- |a e-gx--- | ||
| 050 | 0 | 0 | |a BV3427.S35 |b S7813 1989 |
| 100 | 1 | |a Stürmer, Ernst. | |
| 240 | 1 | 0 | |a Meister himmlischer geheimnisse. |l Chinese |
| 245 | 1 | 0 | |6 880-01 |a "Tong xuan jiao shi" Tang Ruowang / |c Ensite Situomo zhu ; Dasubin, Zhang Xiaohu yi ; Wei Yongchang jiao. |
| 250 | |6 880-02 |a Di 1 ban. | ||
| 260 | |6 880-03 |a Beijing : |b Zhongguo ren min da xue chu ban she : |b Xin hua shu dian jing xiao, |c 1989 |g (1992 printing) | ||
| 300 | |a 5, ii, 120 p. : |b ill. ; |c 19 cm. | ||
| 490 | 1 | |6 880-04 |a Qing shi zhi shi cong shu | |
| 500 | |a Translation of: Meister himmlischer geheimnisse. | ||
| 504 | |a Includes bibliographical references (p. 119-120). | ||
| 600 | 1 | 0 | |a Schall von Bell, Johann Adam, |d 1592?-1666. |
| 650 | 0 | |a Missionaries |z China |v Biography. | |
| 650 | 0 | |a Missionaries |z Germany |v Biography. | |
| 610 | 2 | 0 | |a Jesuits |x Missions |z China. |
| 700 | 0 | |6 880-05 |a Dasubin. | |
| 700 | 1 | |6 880-06 |a Zhang, Xiaohu. | |
| 880 | 1 | 0 | |6 245-01 |a "通玄教师" 汤若望 / |c 恩斯特・斯托莫著 ; 达素彬, 张晓虎译 ; 魏永昌校. |
| 880 | |6 250-02 |a 第1版. | ||
| 880 | |6 260-03 |a 北京 : |b 中国人民大学出版社 : |b 新华书店经销, |c 1989 |g (1992 printing) | ||
| 880 | 1 | |6 490-04 |a 清史知识丛书 | |
| 880 | 0 | |6 700-05 |a 达素彬. | |
| 880 | 1 | |6 700-06 |a 张晓虎. | |
| 830 | 0 | |6 880-54 |a Qing shi zhi shi cong shu. | |
| 880 | 0 | |6 830-54 |a 清史知识丛书. | |
| 988 | |a 20021105 | ||
| 906 | |0 DLC | ||


